000 00786nam a2200241 a 4500
001
003 DO-SdBNP
005 20211005132949.0
008 090703s 2008 dr r 000 0 spa d
020 _a9789945850048
040 _aDO-SdBNP
_bspa
_cBPMSU
082 _aRD861.44
_bG216o
_222
100 1 _aGarcía, Diógenes
245 1 3 _aEl origen del mundo en la poesía científica :
_b1968-2008 (tiempo de esta obra) /
_cDiógenes García.
260 _aSanto Domingo :
_b[s.e],
_c[2008]
300 _a229 p. ;
_b22 cm.
500 _aIncluye referencias bibliográficas y notas al pie de las páginas
590 _aInventariado, 2021/VM
650 4 _aPoesía dominicana
650 4 _aLiteratura dominicana.
_xCrítica e interpretación.
910 _aVMateo V.
942 _2ddc
_cBK
999 _c13764
_d13764